Российская делегация на ISA EXPO 2003; Современные технологии автоматизации; № 4

Dettagli Bibliografici
Parent link:Современные технологии автоматизации: производственно-технический журнал.— , 2000-.— 0206-975X
№ 4.— 2003.— С. 86
Lingua:russo
Pubblicazione: 2003
Serie:Новости
Soggetti:
Natura: MixedMaterials Capitolo di libro
KOHA link:https://koha.lib.tpu.ru/cgi-bin/koha/opac-detail.pl?biblionumber=389750

MARC

LEADER 00000naa2a2200000 4500
001 389750
005 20231101063914.0
035 |a (RuTPU)RU\TPU\prd\22256 
090 |a 389750 
100 |a 20040204a2003 k y0rusy50 ca 
101 0 |a rus 
102 |a RU 
200 1 |a Российская делегация на ISA EXPO 2003 
225 1 |a Новости 
461 1 |0 (RuTPU)RU\TPU\prd\1759  |x 0206-975X  |t Современные технологии автоматизации  |o производственно-технический журнал  |d 2000- 
463 1 |0 (RuTPU)RU\TPU\prd\21834  |t № 4  |v С. 86  |d 2003 
610 1 |a международные выставки 
610 1 |a АСУТП 
610 1 |a США 
801 1 |a RU  |b 63413507  |c 20040204  |g PSBO 
801 2 |a RU  |b 63413507  |c 20131217  |g RCR 
942 |c BK